Problémafelvetés óvoda-iskola átmenet /

Elmentve itt :
Bibliográfiai részletek
Szerző: Bartáné Tóth Mária Magdolna
Dokumentumtípus: Cikk
Megjelent: 2018
Sorozat:Módszertani közlemények 58 No. 3
Kulcsszavak:Iskolaelőkészítés - óvodai, Képességfejlesztés - óvodai
Online Access:http://acta.bibl.u-szeged.hu/56943
LEADER 00692nab a2200181 i 4500
001 acta56943
005 20260224081030.0
008 190130s2018 hu o 000 hun d
022 |a 2063-3734 
040 |a SZTE Egyetemi Kiadványok Repozitórium  |b hun 
041 |a hun 
100 2 |a Bartáné Tóth Mária Magdolna 
245 1 0 |a Problémafelvetés   |h [elektronikus dokumentum] :  |b óvoda-iskola átmenet /  |c  Bartáné Tóth Mária Magdolna 
260 |c 2018 
300 |a 3-6 
490 0 |a Módszertani közlemények  |v 58 No. 3 
695 |a Iskolaelőkészítés - óvodai, Képességfejlesztés - óvodai 
856 4 0 |u http://acta.bibl.u-szeged.hu/56943/1/modszertani_058_003_003-006.pdf  |z Dokumentum-elérés